[Event "GER-chT U14 Girls"]
[Site "Burg Stargard"]
[Date "2006.12.27"]
[Round "1.3"]
[White "Schuenemann, Anne"]
[Black "Schmidt, Anna"]
[Result "1-0"]
[WhiteElo "774"]
[BlackElo "958"]
[PlyCount "25"]
[EventDate "2006.12.27"]
[EventType "team-swiss"]
[EventRounds "7"]
[EventCountry "GER"]
[SourceTitle "EXT 2008"]
[Source "ChessBase"]
[SourceDate "2007.11.25"]
[SourceVersion "1"]
[SourceVersionDate "2007.11.25"]
[SourceQuality "1"]
[WhiteTeam "Torgelow Droegeheide U14 Girls"]
[BlackTeam "Waltershausen U14 Girls"]
[WhiteTeamCountry "GER"]
[BlackTeamCountry "GER"]

1. e4 c5 2. Nf3 Nc6 3. d4 cxd4 4. Nxd4 g6 5. Nc3 Bg7 6. Bc4 Nxd4 7. 0-0 Nf6 8. Qxd4 0-0 9. h3 Nh5 10. Be3 Bxd4 11. Bxd4 Qc7 12. Nd5 Qxc4 13. Nxe7# 1-0